Vlastnosti nových odrôd niektorých olejnín - repky olejky a horčice sareptskej

Bibliographic Details
Main Author: Majdanová, Janka (Author)
Format: Article
Language:Slovak
PhysicalDescription:Fotogr., grafy, tab.
ISSN:1335-2466
Subjects:

MARC

LEADER 00000nab a2200000 a 4500
001 vtls009306355
003 SK-MaSNL
005 20260304154424.0
008 250507c2008 xo |||||||||||000 b|slo
015 |a SNBRB2008/06  |2 snkbucl 
035 |a (uuid)f645404c-96a8-4c87-87d0-319afaa8efe7 
035 |a urn:nbn:sk:snk-ab12na 
035 |a (urnnbn)urn:nbn:sk:snk:ar-a04kq1 
038 |a SNKBUCL 
040 |a SNKBUCL  |b slo  |c SNKBUCL  |e AACR2 
041 0 |a slo 
044 |a xo  |c SK 
080 |a 633.85:631.526.3  |2 1997 
080 |a 633.844:631.526.3  |2 1997 
080 |a 631.526.3  |2 1997 
100 1 |a Majdanová, Janka  |4 aut  |9 1045661 
245 1 0 |a Vlastnosti nových odrôd niektorých olejnín - repky olejky a horčice sareptskej  |c Janka Majdanová 
300 |b Fotogr., grafy, tab. 
650 0 7 |a repka olejná  |2 snkbucl  |9 56830 
650 0 7 |a horčica  |2 snkbucl  |9 84826 
650 0 7 |a odrody poľnohospodárskych plodín  |2 snkbucl  |9 29318 
773 0 |t Naše pole  |g Roč. XII, č. 7 (2008), s. 46 a 47-48  |x 1335-2466 
850 |a Slovenská národná knižnica 
852 |a Slovenská národná knižnica 
954 |a odborná, vedecká literatúra pôvodná (slovenská)  |2 lita 
958 |a article27 
958 |a OND 
958 |a EUIPO 
999 |c 2957621  |d 2959551